000 00279nam a2200109Ia 4500
008 200302s9999 xx 000 0 und d
100 _aMarc Kushner
245 _aNothing less than literal architecture after minimalism
260 _bThe MIT Press
260 _c2004
300 _a282
999 _c6979
_d6979